Código de Procedimiento Civil: anotaciones y concordancias, índice temático, títulos de artículos del cuerpo del código y de las normas del apéndice

Saved in:
Bibliographic Details
Corporate Author: Chile
Other Authors: Hernández de Lamotte, Diego (Director), Fuchs Nissim, Andrés (Director)
Format: Book
Language:Spanish
Published: Santiago, Chile: Legal Publishing; Thomson Reuters, 2017
Edition:Decimoséptima Edición.
Series:Colección 2017
Subjects:
Tags: Add Tag
No Tags, Be the first to tag this record!

MARC

LEADER 00000cam a2200000 a 4500
001 UCD7601
003 CL-VaPUC
005 20250416110212.0
008 170331e20170000cl |||||||||||||||||spa|d
999 |c 367577  |d 367575 
020 |a 9789563468502 
040 |c Pontificia Universidad Católica de Valparaíso 
082 0 4 |a 347.83 CHI 2017  |2 21 
110 1 |a Chile  |9 890760 
245 1 0 |a Código de Procedimiento Civil: anotaciones y concordancias, índice temático, títulos de artículos del cuerpo del código y de las normas del apéndice 
250 |a Decimoséptima Edición.  |b Actualizada al 9 de enero de 2017. 
260 |a Santiago, Chile:  |b Legal Publishing;  |b Thomson Reuters,  |c 2017 
300 |a 383 páginas 
490 0 |a Colección 2017 
505 |a Mensaje del Código de Procedimiento Civil. Mensaje sobre modificaciones a este Código. Decreto N.º 1.107, del Ministerio de Justicia, que aprueba el texto del Código. Ley N.º 1.552. Aprueba Código de Procedimiento Civil. -Libro Primero. Disposiciones Comunes a Todo Procedimiento. -Libro Segundo. Del Juicio Ordinario. -Libro Tercero. De los Juicios Especiales. -Libro Cuarto. De los Actos Judiciales No Contenciosos. Apéndice: -Ley N.º 18.120. Establece normas sobre Comparecencia en Juicio y modifica los artículos 4° del Código de Procedimiento Civil y 523 del Código Orgánico de Tribunales. (D.O. de 18 de mayo de 1982) -Ley N.º 14.908. Sobre Abandono de Familia y Pago de Pensiones Alimenticias. (D.O. de 30 de mayo de 2000) -Ley N.º 16.271. Ley de Impuesto a las Herencias, Asignaciones y Donaciones. (D.O. de 30 de mayo de 2000) -Ley N.º 20.066. Establece Ley de Violencia Intrafamiliar. (D.O. de 7 de octubre de 2005) -Ley N.º 20.886. Modifica el Código de Procedimiento Civil, para establecer la tramitación digital de los procedimientos judiciales (D.O. de 18 de diciembre de 2015) 
583 |a last modification  |c 20170331 00:58:00  |k Rodrigo Vera 
650 1 |a Derecho civil chileno  |9 320612 
650 1 |a Procedimiento civil   |z Chile  |9 890903 
650 1 0 |a Código civil chileno  |9 255931 
650 1 |a Juicio ordinario  |9 254867 
650 1 |a Juicios especiales  |9 348378 
650 1 |a Actos judiciales no contenciosos   |9 391844 
700 |a Hernández de Lamotte, Diego  |e director  |9 861333 
700 |a Fuchs Nissim, Andrés.  |e director  |9 814260 
942 |c BK  |2 ddc 
945 |d 20170331 00:58:00  |a dcastane 
952 |0 0  |1 0  |3 erb  |4 0  |6 347_830000000000000_COD_2017  |7 0  |8 R  |9 482557  |a BIBDER  |b BIBDER  |i 5371295  |l 2  |m 4  |o 347.83 COD 2017  |p 5371295  |r 2024-06-25  |s 2021-10-11  |w 2019-11-24  |y BK_R  |z Catalogado en:20170331  |k DER